[Event "UAE-ch"]
[Site "Dubai"]
[Date "2016.10.08"]
[Round "7"]
[White "Saeed, Ishaq"]
[Black "Khaled, Ahmed Yousef"]
[Result "1-0"]
[WhiteElo "2310"]
[BlackElo "1654"]
[PlyCount "43"]
[EventDate "2016.09.23"]
[EventType "swiss"]
[EventRounds "7"]
[EventCountry "UAE"]
[SourceTitle "EXT 2017"]
[Source "ChessBase"]
[SourceDate "2016.10.25"]
[SourceVersion "1"]
[SourceVersionDate "2016.10.25"]
[SourceQuality "1"]

1. Nf3 Nf6 2. c4 c5 3. d4 cxd4 4. Nxd4 d5 5. cxd5 Qxd5 6. Nc3 Qd8 7. Bf4 e6 8. Ndb5 Qxd1+ 9. Rxd1 Na6 10. Nd6+ Bxd6 11. Bxd6 Bd7 12. e4 Bc6 13. e5 Ne4 14. Nxe4 Bxe4 15. Rc1 Kd8 16. f3 Bg6 17. Bb5 f6 18. Kf2 Be8 19. a4 h5 20. Rhd1 Nb8 21. Bxb8+ Ke7 22. Rc7+ 1-0

[Event "UAE-ch"]
[Site "Dubai"]
[Date "2016.09.23"]
[Round "1"]
[White "Khaled, Ahmed Yousef"]
[Black "Omar, Noaman"]
[Result "0-1"]
[WhiteElo "1654"]
[BlackElo "2377"]
[PlyCount "58"]
[EventDate "2016.09.23"]
[EventType "swiss"]
[EventRounds "7"]
[EventCountry "UAE"]
[SourceTitle "EXT 2017"]
[Source "ChessBase"]
[SourceDate "2016.10.25"]
[SourceVersion "1"]
[SourceVersionDate "2016.10.25"]
[SourceQuality "1"]

1. e4 c5 2. Nf3 e6 3. d4 cxd4 4. Nxd4 a6 5. Nc3 Qc7 6. g3 Bb4 7. Bd2 Nf6 8. Bg2 d6 9. 0-0 Bc5 10. Nb3 Ba7 11. Qe2 0-0 12. Be3 Bxe3 13. Qxe3 Nbd7 14. Rad1 Ne5 15. Qd4 Nc4 16. Nb1 e5 17. Qc3 Bg4 18. f3 Be6 19. Kh1 d5 20. N3d2 d4 21. Qb4 Ne3 22. c3 Rfd8 23. cxd4 Rxd4 24. Qc3 Qxc3 25. Nxc3 Nxd1 26. Rxd1 Rad8 27. Nd5 Nxd5 28. exd5 R4xd5 29. f4 Rxd2 0-1

[Event "Sharjah op rapid"]
[Site "Sharjah"]
[Date "2014.07.07"]
[Round "6"]
[White "Khaled, Ahmed Yousef"]
[Black "Al Mohayri, Sabri M"]
[Result "0-1"]
[WhiteElo "1656"]
[BlackElo "2155"]
[PlyCount "52"]
[EventDate "2014.07.05"]
[EventType "swiss (rapid)"]
[EventRounds "9"]
[EventCountry "UAE"]
[SourceTitle "CBM 161 Extra"]
[Source "ChessBase"]
[SourceDate "2014.08.29"]
[SourceVersion "1"]
[SourceVersionDate "2014.08.29"]
[SourceQuality "1"]

1. e4 Nf6 2. Nc3 d6 3. d4 g6 4. Bf4 Bg7 5. h4 h5 6. e5 Ng4 7. f3 Nh6 8. exd6 cxd6 9. Bb5+ Bd7 10. Bxd7+ Qxd7 11. Qd2 Nc6 12. Nge2 Nf5 13. d5 Ne5 14. 0-0-0 Rc8 15. Ng3 Nc4 16. Qd3 Nxb2 17. Qb5 Bxc3 18. Qxd7+ Kxd7 19. Rdf1 Bf6 20. Kb1 Nc4 21. Nxf5 Na3+ 22. Kc1 Rxc2+ 23. Kd1 gxf5 24. g3 Rxa2 25. Bg5 Rc8 26. Bc1 Nb5 0-1